Grandes villes australiennes - Statistiques

Statistiques générales
  • Ce quiz a été pris 147 fois
  • Le résultat moyen est 5 sur 7
Statistiques - réponses
Réponse % Correct
Sydney
100%
Canberra
90%
Melbourne
90%
Perth
90%
Brisbane
78%
Adélaïde
68%
Gold Coast
21%
Aucun quiz correspondant
Distribution des résultats
% des personnes avec chaque résultat
Percentile par nombre de réponses
Votre historique - résultats
Vous n’avez pas pris ce quiz